Handbook of modern hospital safety / (رقم التسجيلة. 77365)
[ عرض عادي ]
| 000 -الفاتح | |
|---|---|
| حقل البيانات ثابتة الطول | 04362cam a22004454a 4500 |
| 001 - رقم الضبط | |
| رقم الضبط | 148588918 |
| 003 - محدد رقم الضبط | |
| رقم الضبط | OCoLC |
| 005 - وقت وتاريخ اخر تعامل مع التسجيلة | |
| رقم الضبط | 20191122174405.0 |
| 008 - عناصر البيانات ثابتة الطول - معلومات عامة | |
| حقل البيانات ثابتة الطول | 081126t20102010flua bf 001 0 eng |
| 020 ## - الرقم الدولى المعيارى للكتب | |
| الرقم الدولى المعيارى للكتاب | 9781420047851 |
| Qualifying information | (hardcover ; |
| -- | alk. paper) |
| 020 ## - الرقم الدولى المعيارى للكتب | |
| الرقم الدولى المعيارى للكتاب | 142004785X |
| Qualifying information | (hardcover ; |
| -- | alk. paper) |
| 040 ## - مصدر الفهرسة | |
| وكالة الفهرسة الأصلية | DNLM/DLC |
| لغة الفهرسة | eng |
| وكالة النسخ | DLC |
| وكالة التعديل | BTCTA |
| -- | BAKER |
| -- | NLM |
| -- | C#P |
| -- | BWX |
| -- | IG# |
| -- | JYJ |
| -- | BDX |
| -- | TULIB |
| -- | OCLCF |
| -- | OCLCQ |
| -- | UKM |
| -- | YDXCP |
| -- | CRCPR |
| -- | OCLCQ |
| -- | OCLCO |
| -- | OCL |
| -- | OCLCQ |
| -- | THHCU |
| -- | OCLCA |
| -- | VGM |
| -- | THHCU |
| -- | OCLCQ |
| -- | OCLCO |
| -- | OCLCA |
| -- | GZH |
| -- | OCLCO |
| -- | RVA |
| -- | KSU |
| -- | UtOrBLW |
| 050 00 - رقم طلب مكتبة الكونجرس | |
| رقم التصنيف | RA969.95 |
| رقم المادة | .H37 2010 |
| 060 00 - رقم الطلب بالمكتبة الطبية الوطنية | |
| رقم التصنيف | 2009 J-946 |
| 060 10 - رقم الطلب بالمكتبة الطبية الوطنية | |
| رقم التصنيف | WX 185 |
| رقم المادة | H2365 2010 |
| 082 00 - رقم تصنيف ديوى العشرى | |
| رقم التصنيف | 362.110684 |
| رقم الطبعة | 22 |
| رقم المادة | HAM |
| 245 00 - بيان العنوان | |
| العنوان | Handbook of modern hospital safety / |
| بيان المسئوليه,etc | edited by William Charney |
| 250 ## - بيان الطبعة | |
| بيان الطبعة | Second edition |
| 264 #1 - النشر, التوزيع, ETC. (IMPRINT) | |
| مكان الناشر او الموزع RDA | Boca Raton : |
| اسم الناشر او الموزع RDA | CRC Press, |
| تاريخ النشر أو التوزيع | [2010] |
| 264 #4 - النشر, التوزيع, ETC. (IMPRINT) | |
| تاريخ النشر أو التوزيع | ℗♭2010 |
| 300 ## - الوصف المادى | |
| التعداد | 1 volume (various pagings) : |
| تفاصيل ماديه اخرى للوعاء | illustrations ; |
| أبعاد الوعاء | 27 cm |
| 500 ## - تبصرة عامة | |
| تبصرة عامة | Contains two guides titled Guide on respiratory protection against bioaerosols : recommendations on its selection and use and Airborne infectious disease management : methods for temporary negative pressure isolation |
| 504 ## - تبصرة ببليوجرافية | |
| تبصرة ببليوجرافية,الخ | Includes bibliographical references and index |
| 505 0# - تبصرة محتويات-الفهرس | |
| تبصرة المحتويات المصاغة | Overview of health and safety in the health care environment / David A. Sterling -- Epidemiology / James M. Boiano [and others] -- Back injury prevention in health care / William Charney [and others] -- Emerging infectious diseases / William Charney [and others] -- Disinfection and infection control / Erica J. Stewart [and others] -- Progress in preventing sharps injuries in the United States / Jane Perry [and others] -- Violence in the health care industry / Jane Lipscomb [and others] -- Prevention of slip, trip, and fall hazards for workers in hospital settings / James W. Collins, Jennifer L. Bell -- Ergonomics / Margaret Wan, Jocelyn Villeneuve, Guy Fragala -- Chemodrugs / Thomas P. Fuller -- Tuberculosis engineering controls / Lorraine M. Conroy [and others] -- Electrocautery smoke: reasons for scavenging / Jacob D. Paz [and others] -- Safe use of ethylene oxide in the hospital environment / Arthur R. Reich -- Monitoring aldehydes / Edward W. Finucane, William Charney -- Pentamidine / William Charney, Lawrence Rose, Patricia Quinlan -- Ribavirin / Jim Bellows [and others] -- Trace anesthetic gas / Edward W. Finucane [and others] -- Cost-benefit / William Charney, Donald Maynes -- Clinical approach to glove dermatitis and latex allergy / Dennis Shusterman -- Latex glove use: essentials in modern hospital safety / Wava M. Truscott -- Health and safety hazards of shiftwork: implications for health care workers and strategies for prevention / Joseph Schirmer -- Radiation protection in hospitals / Jean-Pierre Gauvin -- Reproductive hazards in hospitals / Lindsey V. Kayman -- Medical waste / Michael L. Garvin, Herb B. Kuhn, Elaine Peters -- The occupational hazards of home health care / Elaine Askari, Barbara DeBaun -- Caring until it hurts: how nursing work is becoming the most dangerous job in America / Service Employees International Union -- Laboratory safety / Wayne Wood -- Biological exposure index testing: two case studies / William Charney, Martin Lipnowski, Lee Wugofski -- Functions and staffing of a hospital safety office / Lindsey V. Kayman, John F. Clemons -- Education for action: an innovative approach to training hospital employees / Merri Weinger, Nina Wallerstein -- Stress factors / Laura A. Job [and others] -- Case studies of health care workers in the compensation system / Lenora S. Colbert |
| 650 #0 - المدخل الاضافى بالموضوع-مصطلح موضوعى | |
| مصطلح موضوعي أو اسم جغرافي كعنصر مدخل | Hospitals |
| التقسيم الفرعي العام | Security measures |
| التقسيم الفرعي الشكلي | Handbooks, manuals, etc |
| 650 #0 - المدخل الاضافى بالموضوع-مصطلح موضوعى | |
| مصطلح موضوعي أو اسم جغرافي كعنصر مدخل | Hospitals |
| التقسيم الفرعي العام | Safety measures |
| التقسيم الفرعي الشكلي | Handbooks, manuals, etc |
| 650 #0 - المدخل الاضافى بالموضوع-مصطلح موضوعى | |
| مصطلح موضوعي أو اسم جغرافي كعنصر مدخل | Hospitals |
| التقسيم الفرعي العام | Employees |
| -- | Health and hygiene |
| التقسيم الفرعي الشكلي | Handbooks, manuals, etc |
| 650 #4 - المدخل الاضافى بالموضوع-مصطلح موضوعى | |
| مصطلح موضوعي أو اسم جغرافي كعنصر مدخل | Safety management |
| التقسيم الفرعي الشكلي | Methods |
| 650 #4 - المدخل الاضافى بالموضوع-مصطلح موضوعى | |
| مصطلح موضوعي أو اسم جغرافي كعنصر مدخل | Occupational health |
| 650 #0 - المدخل الاضافى بالموضوع-مصطلح موضوعى | |
| مصطلح موضوعي أو اسم جغرافي كعنصر مدخل | Public health personnel. |
| 650 12 - المدخل الاضافى بالموضوع-مصطلح موضوعى | |
| مصطلح موضوعي أو اسم جغرافي كعنصر مدخل | Safety Management |
| التقسيم الفرعي العام | methods. |
| 650 12 - المدخل الاضافى بالموضوع-مصطلح موضوعى | |
| مصطلح موضوعي أو اسم جغرافي كعنصر مدخل | Hospitals. |
| 650 22 - المدخل الاضافى بالموضوع-مصطلح موضوعى | |
| مصطلح موضوعي أو اسم جغرافي كعنصر مدخل | Occupational Health. |
| 650 22 - المدخل الاضافى بالموضوع-مصطلح موضوعى | |
| مصطلح موضوعي أو اسم جغرافي كعنصر مدخل | Health Personnel. |
| 700 1# - المدخل الاضافى - اسم شخصى | |
| الإسم الشخصى | Charney, William, |
| التواريخ المصاحبة للاسم | 1947- |
| 952 ## - LOCATION AND ITEM INFORMATION (KOHA) | |
| نوع المادة فى نظام كوها | كتاب |
| 952 ## - LOCATION AND ITEM INFORMATION (KOHA) | |
| نوع المادة فى نظام كوها | كتاب |
| 952 ## - LOCATION AND ITEM INFORMATION (KOHA) | |
| نوع المادة فى نظام كوها | كتاب |
| 952 ## - LOCATION AND ITEM INFORMATION (KOHA) | |
| نوع المادة فى نظام كوها | كتاب |
| 952 ## - LOCATION AND ITEM INFORMATION (KOHA) | |
| نوع المادة فى نظام كوها | كتاب |
| 952 ## - LOCATION AND ITEM INFORMATION (KOHA) | |
| نوع المادة فى نظام كوها | كتاب |
| 952 ## - LOCATION AND ITEM INFORMATION (KOHA) | |
| نوع المادة فى نظام كوها | كتاب |
| 655 #7 - مصطلح تكشيفى-نوع/شكل | |
| بيانات النوع/ الشكل أو المصطلح الأساسي | Handbooks and manuals. |
| مصدر المصطلح | fast |
| 9 (RLIN) | 75477 |
| 740 02 - المدخل الاضافى - عنوان مرتبط/تحليلى غير مقيد | |
| العنوان التحليلي/ الرابط غير مقيد | Guide on respiratory protection against bioaerosols |
| 740 02 - المدخل الاضافى - عنوان مرتبط/تحليلى غير مقيد | |
| العنوان التحليلي/ الرابط غير مقيد | Airborne infectious disease management |
| 942 ## - | |
| -- | ddc |
| -- | BOOK |
| حالة الفقد | نموذج السعر الفعال | حالة تلف | ليس للاعارة | تاريخ الاكتساب | رقم الطلب | تاريخ الاكتساب | الموقع الحالي | الباركود | الفرع الرئيسي | Date last seen | مصدر التصنيف او خطة الترفيف | Total Checkouts |
|---|---|---|---|---|---|---|---|---|---|---|---|---|
| 2019-11-22 | 2019-11-22 | 362.110684 HAM | 2019-11-22 | CL | 00158628 | المكتبة المركزية بالمجمعة (CL) | 2019-11-22 | Dewey Decimal Classification | ||||
| 2019-11-22 | 2019-11-22 | 362.110684 HAM | 2019-11-22 | CL | 00158629 | المكتبة المركزية بالمجمعة (CL) | 2019-11-22 | Dewey Decimal Classification | ||||
| 2019-11-22 | 2019-11-22 | 362.110684 HAM | 2019-11-22 | CL | 00158630 | المكتبة المركزية بالمجمعة (CL) | 2019-11-22 | Dewey Decimal Classification | ||||
| 2022-12-18 | 2022-12-18 | 362.110684 HAM | 2022-12-18 | CL | 00270466 | المكتبة المركزية بالمجمعة (CL) | 2022-12-18 | Dewey Decimal Classification | ||||
| 2022-12-18 | 2022-12-18 | 362.110684 HAM | 2022-12-18 | CL | 00270467 | المكتبة المركزية بالمجمعة (CL) | 2022-12-18 | Dewey Decimal Classification | ||||
| 2019-11-22 | Not For Loan | 2019-11-22 | 362.110684 HAM | 2019-11-22 | SZM | 00158631 | مكتبة مجمع الكليات بالزلفى - طلاب (SZM) | 2019-11-22 | Dewey Decimal Classification | |||
| 2019-11-22 | 2019-11-22 | 362.110684 HAM | 2019-11-22 | SZM | 00158632 | مكتبة مجمع الكليات بالزلفى - طلاب (SZM) | 2019-11-22 | Dewey Decimal Classification |
